High hopes (Record no. 67214)

MARC details
000 -LEADER
fixed length control field 01225cam a2200229 4500
001 - CONTROL NUMBER
control field ABS64035
008 - FIXED-LENGTH DATA ELEMENTS--GENERAL INFORMATION
fixed length control field 000000n2001 000 0 eng u
035 ## - SYSTEM CONTROL NUMBER
System control number (Sirsi) u112912
100 ## - MAIN ENTRY--PERSONAL NAME
Personal name Bateson, K
245 ## - TITLE STATEMENT
Title High hopes
260 ## - PUBLICATION, DISTRIBUTION, ETC.
Date of publication, distribution, etc. 2001
490 ## - SERIES STATEMENT
Series statement Building Design
Volume/sequential designation (1486) 11 May 2001, 11(1)
520 ## - SUMMARY, ETC.
Summary, etc. Considers proposals for the new London Plan, previously called the Spatial Development Strategy (SDS). The proposals aim to tackle the housing, transport and business needs of London over the next 10 years in accordance with Urban Task Force principles of sustainability. Discusses initial responses to the London Plan, in particular concern relating to the Mayor Ken Livingstone's executive authority over planning decisions. Suggests that the proposals will require close collaboration between the Greater London Authority (GLA) and the London Boroughs, and will have an impact on the borough's Unitary Development Plans and other existing plans.
590 ## - LOCAL NOTE (RLIN)
Local note ABS
650 ## - SUBJECT ADDED ENTRY--TOPICAL TERM
Topical term or geographic name entry element LONDON
650 ## - SUBJECT ADDED ENTRY--TOPICAL TERM
Topical term or geographic name entry element SPATIAL DEVELOPMENT STRATEGY
650 ## - SUBJECT ADDED ENTRY--TOPICAL TERM
Topical term or geographic name entry element MAYOR
650 ## - SUBJECT ADDED ENTRY--TOPICAL TERM
Topical term or geographic name entry element PLANNING POLICY
650 ## - SUBJECT ADDED ENTRY--TOPICAL TERM
Topical term or geographic name entry element TRANSPORT
690 ## - LOCAL SUBJECT ADDED ENTRY--TOPICAL TERM (OCLC, RLIN)
Topical term or geographic name as entry element ENVIRONMENTAL AND LAND CONSULTANCY-PLANNING AND DEVELOPMENT
942 ## - ADDED ENTRY ELEMENTS (KOHA)
Suppress in OPAC 0
Holdings
Withdrawn status Lost status Source of classification or shelving scheme Damaged status Not for loan Home library Current library Shelving location Date acquired Total Checkouts Full call number Barcode Date last seen Copy number Price effective from Koha item type
    Dewey Decimal Classification     London London Journal article 01/06/2001   ABS64035 112912-1001 06/08/2019 1 06/08/2019 Journal article